Duitse bundeslanden van meeste naar minste inwoners in miljoenen - Statistieken

Algemene statistieken
  • Deze quiz is 26 keer genomen
  • De gemiddelde score is 8 van 16
Antwoordstatistieken
Hint Antwoord % Correct
13,077 Beieren / Bayern
90%
17,933 Noordrijn-Westfalen / Nordrhein-Westfalen
86%
3,645 Berlijn / Berlin
71%
0,681 Bremen
62%
1,841 Hamburg
62%
4,078 Saksen / Sachsen
52%
11,070 Baden-Württemberg
48%
6,266 Hessen
48%
7,982 Nedersaksen / Niedersachsen
48%
0,991 Saarland
48%
2,897 Sleeswijk-Holstein / Schleswig-Holstein
48%
4,085 Rijnland-Palts / Rheinland-Pfalz
38%
2,143 Thüringen
38%
2,611 Brandenburg
33%
1,610 Mecklenburg-Voor-Pommeren / Mecklenburg-Vorpommern
33%
2,208 Saksen-Anhalt / Sachsen-Anhalt
33%
Geen overeenkomende quizzen gevonden
Scoreverdeling
Procent van Mensen met Elke Score
Percentiel versus Aantal Correcte Antwoorden
Uw Scoregeschiedenis
U heeft deze quiz nog niet genomen